Sports Quiz

Random Sports or Soccer Quiz

Non-U.N. FIFA Members Quiz Stats

 Plays Quiz Updated Jun 3, 2016

Score 0/26 Timer 06:00
0 Plays Today
FIFA Member % Correct
Scotland
72.8%
Wales
71.7%
Northern Ireland
67.3%
England
63.6%
Gibraltar
54.3%
Kosovo
53.3%
Faroe Islands
41%
Puerto Rico
36.1%
Palestine
35.9%
Chinese Taipei
35.4%
Guam
29.4%
Hong Kong
29.1%
Bermuda
28.7%
FIFA Member % Correct
American Samoa
28.7%
British Virgin Islands
25.7%
U.S. Virgin Islands
24.7%
Aruba
23.4%
Tahiti
22.2%
Macau
18.7%
Curacao
17.2%
New Caledonia
16.7%
Cayman Islands
16.3%
Cook Islands
16.3%
Montserrat
16.1%
Turks and Caicos Islands
14.4%
Anguilla
13.3%

You're not logged in!

Compare scores with friends on all Sporcle quizzes.
OR
Log In

Sporcle TV

Today on Sporcle TV


Watch our educational content, quiz creation guides, and fun videos on Sporcle TV.

Show Comments

Extras

Top Quizzes Today


Score Distribution

Your Account Isn't Verified!

In order to create a playlist on Sporcle, you need to verify the email address you used during registration. Go to your Sporcle Settings to finish the process.

Report this User

Report this user for behavior that violates our Community Guidelines.

Details: